Rehabilitación cenotafio José Vial Armstrong. Proyecto para recoger el fundamento de esta obra y su presencia actual en la ciudad

Gorde:
Xehetasun bibliografikoak
Egile nagusia: Cáraves Silva, Patricio (autor)
Beste egile batzuk: Ferrada Herrera, Jorge Alfonso (autor), Caro Moreno, Erick (autor), Mercado Jara, Álvaro (autor), Requesens Aldea, Valentina Isabel (autor)
Formatua: Liburua
Hizkuntza:gaztelania
Argitaratua: Viña del Mar, Chile: Escuela Arquitectura y Diseño, Pontificia Universidad Católica de Valparaíso, 2012
Gaiak:
Etiketak: Etiketa erantsi
Etiketarik gabe, Izan zaitez lehena erregistro honi etiketa jartzen!

MARC

LEADER 00000cam a2200000 a 4500
001 UCF9368
003 CL-VaPUC
005 20231220172950.0
008 131111e20120000cl |||||||||||||||||spa|d
999 |c 353816  |d 353814 
040 |c Pontificia Universidad Católica de Valparaíso 
082 0 4 |a 726.801 CAR 2012  |2 21 
100 |a Cáraves Silva, Patricio  |e autor  |9 709220 
245 1 0 |a Rehabilitación cenotafio José Vial Armstrong.  |b Proyecto para recoger el fundamento de esta obra y su presencia actual en la ciudad 
260 |a Viña del Mar, Chile:  |b Escuela Arquitectura y Diseño, Pontificia Universidad Católica de Valparaíso,  |c 2012 
300 |a 51 páginas 
500 |a C3. Donación Profesor Patricio Cáraves Silva. Memo ARQ 05/2021 20-12-2021 
583 |a last modification  |c 20131111 15:03:00  |k Rodrigo Vera 
650 0 |a Cenotafios  |2 CL-VaPUC  |9 571638 
650 0 |a Tumbas  |2 CL-VaPUC  |9 314056 
650 0 |a Estructura arquitectónica  |9 471871 
650 0 |a Teoría arquitectónica  |2 CL-VaPUC  |9 455838 
700 |a Ferrada Herrera, Jorge Alfonso  |e autor  |9 824254 
700 0 |a Caro Moreno, Erick  |e autor  |9 571635 
700 |a Mercado Jara, Álvaro  |e autor  |9 849616 
700 0 |a Requesens Aldea, Valentina Isabel  |e autor  |9 571637 
942 |c BK  |2 ddc 
945 |d 20131111 15:03:00  |a dcastane 
952 |0 0  |1 1  |3 erb  |4 0  |6 726_801000000000000_CAR_2012  |7 0  |8 R  |9 459220  |a BIBARQ  |b BIBARQ  |d 2019-11-23  |i 5021626  |o 726.801 CAR 2012  |p 5021626  |r 2019-11-23  |w 2019-11-23  |x Retirado en Inventario 2023  |y BK_R  |z Catalogado en:20131111  |k ARQ 
952 |0 0  |1 0  |3 erb  |4 0  |6 726_801000000000000_CAR_2012  |7 0  |8 R  |9 459221  |a BIBARQ  |b BIBARQ  |d 2019-11-23  |i 5021634  |l 1  |o 726.801 CAR 2012  |p 5021634  |r 2025-04-11  |s 2025-04-11  |w 2019-11-23  |y BK_R  |z Catalogado en:20131111  |k ARQ 
952 |0 0  |1 0  |2 ddc  |4 0  |6 726_801000000000000_CAR_2012  |7 0  |8 A  |9 581786  |a BIBARQ  |b BIBARQ  |c GEN  |d 2022-03-09  |e Donación  |i 5650023  |l 1  |o 726.801 CAR 2012  |p 5650023  |r 2025-01-20  |s 2022-05-23  |t 3  |w 2022-03-09  |y BK  |k ARQ